Music Quiz

Random Music or Billboard Quiz

Most Top Ten Hits in a Decade Quiz Stats

Quiz Updated Oct 20, 2017

Challenge
Share
Tweet
Embed
Score 0/60 Timer 10:00
0 Plays Today
Decade(s) Artist % Correct
1964-1970The Beatles
91.5%
1956-1965Elvis Presley
86.1%
1979-1988
1980-1989
1983-1992
Michael Jackson
80.5%
1986-1995Janet Jackson
75%
1964-1973The Rolling Stones
69.4%
1984-1993Madonna
68.4%
1943-1949Frank Sinatra
55.6%
1971-1980Elton John
53.7%
1990-1999Mariah Carey
45.2%
2003-2009Beyoncé
43.1%
2008-2014Katy Perry
40.7%
2008-2015Taylor Swift
40%
1985-1993Whitney Houston
39%
2009-2013Lady Gaga
37.1%
1984-1992Wham!/George Michael
36.2%
1963-1966The Beach Boys
35.9%
1964-1970The Supremes
33.8%
1971-1979Bee Gees
30.1%
1941-1950Bing Crosby
29.1%
2005-2014
2006-2015
Rihanna
28.9%
1983-1992Prince
28.8%
1967-1974Aretha Franklin
27.9%
1966-1975Stevie Wonder
27.8%
1973-1982Paul McCartney/Wings
27.5%
1965-1973The Temptations
25.7%
1941-1949Freddy Martin
22.6%
1965-1973Marvin Gaye
19%
1983-1990Phil Collins
18.4%
1940-1947Glenn Miller
17%
1982-1988Huey Lewis & The News
16.7%
Decade(s) Artist % Correct
1981-1987Lionel Richie
16.2%
1945-1954Perry Como
16%
1962-1966The 4 Seasons
14.5%
1970-1977Chicago
13.5%
1976-1983Donna Summer
13.3%
1941-1949Harry James
12.7%
1976-1985Daryl Hall & John Oates
12.7%
1970-1975Carpenters
12.3%
1957-1964Ricky Nelson
12.2%
1955-1962Pat Boone
9.1%
1946-1955Les Paul & Mary Ford
8.8%
1940-1949Tommy Dorsey
8.8%
1940-1944Jimmy Dorsey
8.5%
1957-1962The Everly Brothers
8.3%
1960-1963Brenda Lee
8.3%
1974-1982Olivia Newton-John
8.2%
1969-1974Three Dog Night
6.5%
1941-1950The Andrews Sisters
6.1%
1958-1962Connie Francis
5.8%
1950-1957Patti Page
4%
1942-1951Vaughn Monroe
3.4%
1941-1950Dinah Shore
3.3%
1940-1949The Ink Spots
2.9%
1941-1950Sammy Kaye
2.5%
1942-1950Guy Lombardo
2.4%
1951-1956Eddie Fisher
2.1%
1940-1948Kay Kyser
1.9%
1944-1952Jo Stafford
1.7%
1941-1950Dick Haymes
1.6%
1947-1952Gordon Jenkins
1.2%

You're not logged in!

Compare scores with friends on all Sporcle quizzes.
Join for Free
OR
Log In

You Might Also Like...

Show Comments

Extras

Top Quizzes Today


Score Distribution

Your Account Isn't Verified!

In order to create a playlist on Sporcle, you need to verify the email address you used during registration. Go to your Sporcle Settings to finish the process.

Report this User

Report this user for behavior that violates our Community Guidelines.

Details: